000 00730nam a2200229 a 4500
001 BRCA_3626
005 20190320204347.0
008 250809s1949----sp-a---###---#000-0#spa-#
041 _aspa
044 _asp
050 4 _aNK2528
_b.O45 1949
100 1 _aOlivar Daydi, Marcal
_99405
245 1 0 _aHistoria del mueble inglés
_cM. Olivar Daydi.
260 _aBarcelona, España
_bSeix Barral
_c1949
300 _a88 p.
_bil., 240 láminas (algunas a color)
_c28 cm.
500 _aB298
500 _aIncluye índice descriptivo de las ilustraciones, índice de láminas en color e índice general de materias
650 1 4 _aMuebles
_zGran Bretaña
_99406
650 1 4 _aMuebles
_xHistoria
_94173
902 _aGFM
942 _2lcc
_cB
999 _c3361
_d3361